Trombinoscope Pixar - Statistiques

Statistiques générales
  • Ce quiz a été pris 1 137 fois
  • Le résultat moyen est 37 sur 100
Statistiques - réponses
Hint Réponse % Correct
Nemo
80%
Dory
80%
Flash McQueen
80%
Buzz l'Éclair
79%
Woody
78%
Wall-E
78%
Bob Parr / M. Indestructible
78%
Joie
78%
Dégout
75%
Fourchette
75%
Bob Razowski
73%
Anxiété
71%
Edna Mode
70%
Zig-Zag
69%
Riley Andersen
67%
EVE
66%
Merida
65%
Arlo
64%
Alfredo Linguini
61%
Rémy
61%
Lucius Best / Frozone
61%
Flam Lumen
60%
Bouh
59%
Ernesto de la Cruz
57%
Violette Parr
56%
Doug
56%
Martin
56%
Jessie
54%
Bing Bong
52%
Miguel Rivera
49%
Carl Fredricksen
48%
Jacques Sullivan
48%
Lotso
48%
Colette Tatou
46%
Russell
46%
Luca Paguro
46%
Zurg
46%
Sid Phillips
44%
Buddy Pine / Syndrome
44%
Imelda Rivera
43%
Doc Hudson
43%
Coco
43%
Flak Delamare
42%
Bayonne
42%
Papi Pépite
40%
Dante
39%
Anton Ego
37%
Léon
35%
Darla
33%
Elio Solis
33%
Meilin Lee
33%
Hector
33%
Bruce
32%
Alizée Cumulus
31%
Charles Muntz
31%
Guido
30%
Germaine
27%
AUTO
26%
Gabby Gabby
26%
Luigi
26%
Crush
25%
Francesco Bernoulli
25%
Chick Hicks
24%
Dorothéa Williams
22%
22
22%
Alberto Scorfano
22%
Giulia Marcovaldo
22%
Elinor
21%
Kevin
20%
Tilt
20%
Le Borgne
19%
Joe Gardner
19%
Bo Peep
18%
Fillmore
18%
Evelyn Deavor
17%
Destiny
17%
Barley Lightfoot
16%
Valentina Ortiz
15%
Sox
14%
Priya
14%
Massimo Marcovaldo
14%
Hank
14%
Heimlich
13%
Tyler
12%
Razmotte
12%
Wilden Lightfoot
11%
Abby
11%
Gil
11%
Spot
9%
Fil
9%
Astrid
9%
Grigon
8%
Alisha Hawthorne
8%
Ercole Visconti
8%
Abigail Hardscrabble
8%
Miriam
7%
Terry
6%
Darby Steel
5%
Corey
4%
Questa
4%
Aucun quiz correspondant
Distribution des résultats
% des personnes avec chaque résultat
Percentile par nombre de réponses
Votre historique - résultats
Vous n’avez pas pris ce quiz